[Event "aston294"]
[Site "SchemingMind.com"]
[Date "2007.11.23"]
[Round "-"]
[White "Neutrino"]
[Black "Orome"]
[Result "0-1"]
[WhiteCountry "EGY"]
[BlackCountry "SUI"]
[WhiteElo "1666"]
[WhiteRD "98"]
[BlackElo "1821"]
[BlackRD "80"]
[GameID "130252"]

1. d4 d5 2. c4 c6 3. Nc3 Nf6 4. cxd5 cxd5 5. Nf3 Nc6 6. e3 Bf5 7. Bd3 Bxd3 8. Qxd3 e6 9. O-O Be7 10. a3 O-O
11. Re1 Qd7 12. Ne5 Nxe5
0-1

[Event "aston294"]
[Site "SchemingMind.com"]
[Date "2007.11.28"]
[Round "-"]
[White "Clive Everill"]
[Black "Kenny Elliott"]
[Result "1-0"]
[WhiteCountry "CZE"]
[BlackCountry "USA"]
[WhiteElo "1677"]
[WhiteRD "55"]
[BlackElo "1502"]
[BlackRD "81"]
[GameID "130823"]

1. e4 c5 2. Nf3 d6 3. d4 cxd4 4. Nxd4 Nf6 5. Nc3 a6 6. Bg5 e6 7. f4 Be7 8. Qf3 O-O 9. O-O-O h6 10. h4 Nc6
11. Bc4 Qb6 12. Nxc6 bxc6 13. e5 d5 14. Bb3 hxg5 15. hxg5 Ne4 16. Nxe4 dxe4 17. Qh5 Qe3+ 18. Kb1 f6 19. gxf6 Bxf6 20. exf6 Rxf6
21. Qe8+ Rf8 22. Rh8+ Kxh8 23. Qxf8+ Kh7 24. Rh1+ Kg6 25. f5+ Kg5 26. Qxg7+ Kxf5 27. Rh5+
1-0

[Event "aston294"]
[Site "SchemingMind.com"]
[Date "2007.11.28"]
[Round "-"]
[White "Kenny Elliott"]
[Black "Clive Everill"]
[Result "0-1"]
[WhiteCountry "USA"]
[BlackCountry "CZE"]
[WhiteElo "1466"]
[WhiteRD "85"]
[BlackElo "1708"]
[BlackRD "55"]
[GameID "130831"]

1. d4 f5 2. g3 Nf6 3. Bg2 e6 4. c4 Be7 5. Nf3 O-O 6. O-O d6 7. Nc3 Qe8 8. Re1 Qg6 9. Qb3 Na6 10. Nh4 Qf7
11. Bxb7 Rb8 12. Qa4 Bxb7 13. b4 c5 14. dxc5 dxc5 15. b5 Nc7 16. Bf4 Nfe8 17. Qxa7 Nd6 18. Qb6 Bxh4 19. Bxd6 Bd8 20. Qxc5 Re8
21. b6 Na6 22. Qa5 Rc8 23. c5 Nb8 24. Bxb8 Rxb8 25. Nb5 Ra8 26. Na7 Qh5 27. Qb4 Be7 28. Qb5 f4 29. Qc4 fxg3 30. fxg3 Bxc5+
31. e3 Qh3 32. Qc2 Rf8 33. Rac1 Bxb6 34. Nc6 Bd8 35. Nxd8 Raxd8 36. e4 Rc8 37. Qb2 Rxc1 38. Qxc1 Rc8 39. Qb1 Ba8 40. Re2 Qg4
41. Re1 h5 42. Qd3 h4 43. a4 hxg3 44. Qxg3 Qxg3+ 45. hxg3 Rc4 46. Ra1 Bxe4 47. a5 Bd5 48. a6 Rc8 49. Kf2 Kf7 50. Ra3 Kf6
51. Ke3 g5 52. Kd4 Rc4+ 53. Ke3 Rc8 54. Kd4 Kf5 55. Ke3 e5 56. Kd3 Kg4 57. Ra5 Rd8 58. Kc3 Kxg3 59. Kb4 Kf4 60. Kc5 g4
61. Kb6 g3 62. a7 g2
0-1

[Event "aston294"]
[Site "SchemingMind.com"]
[Date "2008.01.15"]
[Round "-"]
[White "knightrider"]
[Black "jankep"]
[Result "0-1"]
[WhiteCountry "USA"]
[BlackCountry "POL"]
[WhiteElo "1433"]
[WhiteRD "83"]
[BlackElo "2173"]
[BlackRD "85"]
[GameID "137177"]

1. e4 e6 2. d4 d5 3. Nc3 Nf6 4. Bd3 c5 5. Nf3 Nc6 6. Be3 cxd4 7. Nxd4 Bb4 8. O-O Bxc3 9. bxc3 dxe4 10. Bb5 Bd7
11. h3 O-O 12. Bc4 Na5 13. Be2 Nd5 14. c4 Nxe3 15. fxe3 Qg5 16. Qd2 e5 17. Qxa5 Qxe3+ 18. Kh2 exd4 19. Qe1 Rfe8 20. Rd1 Rad8
21. Bg4 Qxe1 22. Rfxe1 Bxg4 23. hxg4 Re5 24. c3 d3 25. Re2 e3 26. a4 f6 27. Kg3 dxe2
0-1

[Event "aston294"]
[Site "SchemingMind.com"]
[Date "2008.01.14"]
[Round "-"]
[White "jankep"]
[Black "knightrider"]
[Result "1-0"]
[WhiteCountry "POL"]
[BlackCountry "USA"]
[WhiteElo "2185"]
[WhiteRD "88"]
[BlackElo "1435"]
[BlackRD "83"]
[GameID "137181"]

1. Nf3 Nf6 2. b3 g6 3. Bb2 Bg7 4. g3 O-O 5. Bg2 d6 6. d4 Nbd7 7. O-O e5 8. dxe5 Ng4 9. c4 dxe5 10. h3 Nc5
11. hxg4 Bxg4 12. Qxd8 Raxd8 13. Bxe5 f6 14. Bxc7 Rd7 15. Ba5 b6 16. Bb4 f5 17. Bxc5 Rfd8 18. Bd4 Rxd4 19. Nxd4 Bxd4 20. Rd1 Bxf2+
21. Kxf2 Rxd1 22. Bf3 Bh3 23. e4 Rf1+ 24. Ke2 Kf7 25. exf5 gxf5 26. a4 Kg6 27. a5 Rg1 28. axb6 axb6 29. b4 Rc1 30. Kd3 Bf1+
31. Kd2 Rxc4 32. Na3 Rxb4 33. Rxf1 Ra4 34. Nc2 b5 35. Rb1 Ra5 36. Be2 Kg5 37. Bxb5 h5 38. Nd4 Kg4 39. Rb4 f4 40. gxf4 h4
41. f5 h3 42. Nc6+
1-0

[Event "aston294"]
[Site "SchemingMind.com"]
[Date "2008.01.27"]
[Round "-"]
[White "bdenley"]
[Black "rampichino"]
[Result "1-0"]
[WhiteCountry "USA"]
[BlackCountry "ITA"]
[WhiteElo "1692"]
[WhiteRD "82"]
[BlackElo "1169"]
[BlackRD "60"]
[GameID "138426"]

1. e4 d5 2. exd5 Qxd5 3. Nc3 Qd6 4. Bc4 Be6 5. Bxe6 Qxe6+ 6. Qe2 Qxe2+ 7. Ngxe2 Nc6 8. d4 O-O-O 9. Be3 e5 10. O-O-O f5
11. dxe5 Nxe5 12. Rxd8+ Kxd8 13. Rd1+ Bd6 14. Bf4 Kc8 15. Nb5 Nc4 16. Nxd6+ Nxd6 17. Bxd6 cxd6 18. Rxd6 Kc7 19. Rd5 Ne7 20. Rd3 Rd8
21. Rxd8 Kxd8= 22. Kd2 Kd7 23. Nd4 g6 24. f3 a6 25. g4 fxg4 26. fxg4 Kd6 27. Kd3 Nd5 28. a3 Nf4+ 29. Ke3 Nd5+ 30. Ke4 Nf6+
31. Kf3 Kd5 32. Nb3 b6 33. Nd2 b5 34. c3
1-0

[Event "aston294"]
[Site "SchemingMind.com"]
[Date "2008.01.27"]
[Round "-"]
[White "rampichino"]
[Black "bdenley"]
[Result "0-1"]
[WhiteCountry "ITA"]
[BlackCountry "USA"]
[WhiteElo "1323"]
[WhiteRD "71"]
[BlackElo "1629"]
[BlackRD "79"]
[GameID "138436"]

1. e4 c5 2. c3 Nc6 3. d4 d5 4. exd5 Qxd5 5. Nf3 cxd4 6. cxd4 e5 7. Nc3 Qd8 8. dxe5 Bg4 9. Qxd8+ Rxd8 10. Be2 Bb4
11. O-O Nxe5 12. Nxe5 Bxe2 13. Re1 Bxc3 14. Rxe2 Rd1+
0-1

[Event "aston294"]
[Site "SchemingMind.com"]
[Date "2008.02.10"]
[Round "-"]
[White "Clive Everill"]
[Black "Canuck36"]
[Result "0-1"]
[WhiteCountry "CZE"]
[BlackCountry "CAN"]
[WhiteElo "1680"]
[WhiteRD "52"]
[BlackElo "1577"]
[BlackRD "89"]
[GameID "141144"]

1. e4 c5 2. Nf3 e6 3. d4 cxd4 4. Nxd4 Nc6 5. Nc3 a6 6. Be2 Nge7 7. O-O Ng6 8. Nxc6 bxc6 9. Be3 d5 10. exd5 cxd5
11. f4 Bd6 12. Bd3 Nh4 13. g3 Nf5 14. Bxf5 exf5 15. Nxd5 O-O 16. Bb6 Qd7 17. c4 Bb7 18. Qd4 Bxd5 19. Qxd5 Qe6 20. Rad1 Bb4
21. a3 Qxb6+ 22. Kg2 Be7 23. b4 a5 24. c5 Qf6 25. Rfe1 axb4 26. axb4 Qb2+ 27. Kh3 Bf6 28. Qxf5 Qxb4 29. Re4 Qb2 30. Rde1 Qc2
31. R1e2 Qb1 32. Qd7 Qf1+ 33. Kg4 h5+ 34. Kxh5 Qf3+ 35. Qg4 g6+
0-1

[Event "aston294"]
[Site "SchemingMind.com"]
[Date "2008.02.10"]
[Round "-"]
[White "Canuck36"]
[Black "Clive Everill"]
[Result "1-0"]
[WhiteCountry "CAN"]
[BlackCountry "CZE"]
[WhiteElo "1577"]
[WhiteRD "89"]
[BlackElo "1680"]
[BlackRD "52"]
[GameID "141151"]

1. d4 f5 2. e4 fxe4 3. Nc3 Nf6 4. f3 d5 5. fxe4 dxe4 6. Bg5 Bg4 7. Nge2 Nd5 8. Nxe4 h6 9. Bh4 g5 10. Bg3 Ne3
11. Qd3 Bxe2 12. Bxe2 Nxg2+ 13. Kf2 Nf4 14. Bxf4 gxf4 15. Bh5+ Kd7 16. Nc5+ Kc6 17. Bf3+ Kb6 18. Bxb7 Bg7 19. c3 e5 20. a4 a5
21. Qb5+ Ka7 22. Bxa8 Qc8 23. Qxa5+ Na6 24. Bb7 Qxb7 25. Nxb7 Kxb7 26. Rhg1 Bf6 27. Rg6 Bh4+ 28. Kf3 c6 29. Rg7+ Kb8 30. Qxa6 e4+
31. Kg4
1-0

[Event "aston294"]
[Site "SchemingMind.com"]
[Date "2008.04.10"]
[Round "-"]
[White "Canuck36"]
[Black "bdenley"]
[Result "0-1"]
[WhiteCountry "CAN"]
[BlackCountry "USA"]
[WhiteElo "1557"]
[WhiteRD "82"]
[BlackElo "1708"]
[BlackRD "73"]
[GameID "149694"]

1. d4 d5 2. c4 c6 3. Nf3 Nf6 4. Nc3 dxc4 5. a4 Bf5 6. e3 e6 7. Bxc4 Bb4 8. O-O Nbd7 9. Qe2 Nb6 10. Bd2 O-O
11. b3 Bg4 12. e4 Bxf3 13. Qxf3 Nxc4 14. bxc4 Qxd4 15. Rfd1 Qxc4 16. e5 Nd7 17. Ne4 Nxe5 18. Rac1 Nxf3+ 19. gxf3 Qe2 20. Bxb4 Rfd8
21. Rxd8+ Rxd8 22. Kg2 Rd3 23. Rc3 Qxf3+
0-1

[Event "aston294"]
[Site "SchemingMind.com"]
[Date "2008.04.09"]
[Round "-"]
[White "bdenley"]
[Black "Canuck36"]
[Result "1-0"]
[WhiteCountry "USA"]
[BlackCountry "CAN"]
[WhiteElo "1700"]
[WhiteRD "72"]
[BlackElo "1535"]
[BlackRD "85"]
[GameID "149708"]

1. e4 c5 2. Nf3 e6 3. b3 a6 4. Bb2 Nc6 5. a4 Qc7 6. Nc3 Nge7 7. Be2 Ng6 8. O-O Bd6 9. h3 O-O 10. d3 Nge5
11. Nd2 Nb4 12. f4 Nec6 13. f5 exf5 14. Rxf5 b6 15. Rg5 Be5 16. Rf5 d6 17. Rf1 Nd4 18. Rc1 Be6 19. Bg4 d5 20. Bxe6 fxe6
21. Nf3 Nxf3+ 22. Rxf3 Nc6 23. Ba1 d4 24. Nb1 Bf4 25. Nd2 Rf6 26. Qe2 Rg6 27. Rcf1 Bg3 28. Rf7 Qd6 29. Nc4 Bh2+ 30. Kh1 Qg3
31. R7f3 Qg5 32. Bb2 Bg3 33. Bc1 Qh5 34. Nxb6 Rf6 35. Qd1 Qg6 36. Nd7 Rxf3 37. Qxf3 Qe8 38. Nxc5 Bd6 39. Ba3 Ne5 40. Qf2 Ng6
41. Qxd4 Be5 42. Qd7 Nf8 43. Qxe8
1-0

[Event "aston294"]
[Site "SchemingMind.com"]
[Date "2008.06.13"]
[Round "-"]
[White "bdenley"]
[Black "jankep"]
[Result "0-1"]
[WhiteCountry "USA"]
[BlackCountry "POL"]
[WhiteElo "1666"]
[WhiteRD "73"]
[BlackElo "2196"]
[BlackRD "89"]
[GameID "158755"]

1. e4 e6 2. d4 d5 3. Nc3 Nf6 4. e5 Ne4 5. Qf3 Bb4 6. Ne2 O-O 7. a3 Bxc3+ 8. bxc3 f6 9. Qg4 fxe5 10. Bh6 Qf6
11. Be3 Nxf2 12. Qg3 Nxh1 13. dxe5 Qxf1+
0-1

[Event "aston294"]
[Site "SchemingMind.com"]
[Date "2008.06.13"]
[Round "-"]
[White "jankep"]
[Black "bdenley"]
[Result "1-0"]
[WhiteCountry "POL"]
[BlackCountry "USA"]
[WhiteElo "2196"]
[WhiteRD "89"]
[BlackElo "1666"]
[BlackRD "73"]
[GameID "158765"]

1. Nf3 d5 2. d4 c5 3. e3 a6 4. a4 Nc6 5. c4 Bg4 6. cxd5 Qxd5 7. Be2 cxd4 8. O-O Rd8 9. Nxd4 Bxe2 10. Qxe2 Nxd4
11. exd4 Qxd4 12. Be3 Qe5 13. Nc3 Nf6 14. Rfd1 Rxd1+ 15. Rxd1 e6 16. Qc4 Qb8 17. Ba7 Qa8 18. Nb5 Nd5 19. Nc7+
1-0